Tenisový klub s reštauráciou - Pri Habánskom mlyne

Guardado en:
Detalles Bibliográficos
Autor principal: Trebichalská, Nikoleta, 1987- (Autor)
Otros Autores: Majtán, Štefan, 1936- (Orientador)
Formato: Manuscrito Libro
Lenguaje:eslovaco
Publicado: Bratislava : STU v Bratislave FA, 2010
Materias:
Acceso en línea:VAIS
Etiquetas: Agregar Etiqueta
Sin Etiquetas, Sea el primero en etiquetar este registro!

MARC

LEADER 00000ntm a22000003a 4500
001 stu219126
005 20210728094029.0
008 101209s2010----xo------------------slo-d
040 |a STU  |b slo 
041 0 |a slo 
044 |a xo 
100 1 |a Trebichalská, Nikoleta,  |d 1987-  |4 aut  |u A  |T FAD Fakulta architektúry  |X 39849  |U A  |Y 50  |7 A000039849 
242 0 0 |a Tennis-Club mit der Restaurant  |y eng 
245 1 |a Tenisový klub s reštauráciou - Pri Habánskom mlyne 
260 |a Bratislava :  |b STU v Bratislave FA,  |c 2010 
650 7 |a architektúra a urbanizmus  |2 stusub 
650 7 |a Architecture and Urban Design  |2 estusub 
650 7 |a reštaurácia  |2 stusub 
650 7 |a tenisový klub  |2 stusub 
700 1 |a Majtán, Štefan,  |d 1936-  |4 ths  |u A1110  |U FAD Fakulta architektúry  |U FAD Fakulta architektúry  |T FA Ústav architektúry obytných budov  |X 3456  |U A1110  |Y 392  |7 A000003456 
856 4 |a info a plný text  |u http://is.stuba.sk/zp/portal_zp.pl?podrobnosti=5094  |u https://opac.crzp.sk/?fn=detailBiblioForm&sid=4156E77560192824B2631D96D6BB  |3 VAIS